Health Assessment : (Record no. 10931)
[ view plain ]
| 000 -LEADER | |
|---|---|
| fixed length control field | 01355cam a22002894a 4500 |
| 001 - CONTROL NUMBER | |
| control field | 14190750 |
| 005 - DATE AND TIME OF LATEST TRANSACTION | |
| control field | 20060509100347.0 |
| 008 - FIXED-LENGTH DATA ELEMENTS--GENERAL INFORMATION | |
| fixed length control field | 051206s2006 nyua b 001 0 eng |
| 010 ## - LIBRARY OF CONGRESS CONTROL NUMBER | |
| LC control number | 2005284188 |
| 020 ## - INTERNATIONAL STANDARD BOOK NUMBER | |
| International Standard Book Number | 971582559858 (pbk.) |
| 040 ## - CATALOGING SOURCE | |
| Original cataloging agency | DLC |
| Transcribing agency | DLC |
| 042 ## - AUTHENTICATION CODE | |
| Authentication code | pcc |
| 050 00 - LIBRARY OF CONGRESS CALL NUMBER | |
| Classification number | RT48 |
| Item number | .C584 2006 |
| 082 ## - DEWEY DECIMAL CLASSIFICATION NUMBER | |
| Edition number | 20 |
| Classification number | 616.075 |
| Item number | HEL |
| 245 00 - TITLE STATEMENT | |
| Title | Health Assessment : |
| Remainder of title | Made Incredibly Visual / |
| 260 ## - PUBLICATION, DISTRIBUTION, ETC. (IMPRINT) | |
| Place of publication, distribution, etc | Philadelphia : |
| Name of publisher, distributor, etc | Lippincott Williams & Wilkins, |
| Date of publication, distribution, etc | c.2007. |
| 300 ## - PHYSICAL DESCRIPTION | |
| Extent | 218 p. : |
| Other physical details | ill. ; |
| Dimensions | 22 cm. |
| 500 ## - GENERAL NOTE | |
| General note | Companion v. to: Health assessment & physical examination / [edited by] Mary Ellen Zator Estes. c1997. |
| 650 #0 - SUBJECT ADDED ENTRY--TOPICAL TERM | |
| Topical term or geographic name as entry element | Nursing assessment. |
| 700 1# - ADDED ENTRY--PERSONAL NAME | |
| Personal name | Cauthorne-Burnette, Tamera. |
| 700 1# - ADDED ENTRY--PERSONAL NAME | |
| Personal name | Estes, Mary Ellen Zator. |
| 730 0# - ADDED ENTRY--UNIFORM TITLE | |
| Uniform title | Health assessment & physical examination. |
| 942 ## - ADDED ENTRY ELEMENTS (KOHA) | |
| Source of classification or shelving scheme | Dewey Decimal Classification |
| Item type | Book - Borrowing |
| Withdrawn status | Item status | Source of classification or shelving scheme | Damaged status | Not for loan | Vendor | Home library | Current library | Shelving location | Date acquired | Cost, normal purchase price | Serial Enumeration / chronology | Total Checkouts | Total Renewals | Full call number | Barcode | Date last seen | Date last borrowed | Koha item type |
|---|---|---|---|---|---|---|---|---|---|---|---|---|---|---|---|---|---|---|
| Dewey Decimal Classification | Baccah | Central Library | Central Library | First floor | 23/02/2009 | 140.80 | 6996 | 13 | 46 | 616.075 HEL | 000014899 | 28/03/2026 | 15/02/2026 | Book - Borrowing | ||||
| Dewey Decimal Classification | Baccah | Central Library | Central Library | First floor | 23/02/2009 | 140.00 | 6996 | 13 | 38 | 616.075 HEL | 000014898 | 24/08/2022 | 06/02/2020 | Book - Borrowing |